000 00417nam a2200145Ia 4500
008 230917s9999||||xx |||||||||||||| ||und||
040 _e173655
_aMAIN
041 _aEnglish
082 _a891.43301731 SB13S
100 _aबल्लभ सिद्धार्थ
245 0 _aशेष प्रसंग
260 _aदिल्ली
_bशब्दकार
_c1976
300 _a137 पृ. p.
942 _cHN
999 _c151699
_d151699